Roman distance slabs from the Antonine Wall: a brief guide

Saved in:
Bibliografiske detaljer
Hovedforfatter: Keppie, Lawrence (Author)
Format: Bog
Sprog:engelsk
Udgivet: Glasgow Hunterian Museum 1979
Udgivelse:1a. ed
Fag:
Tags: Tilføj Tag
Ingen Tags, Vær først til at tagge denne postø!

MARC

LEADER 00000cam a2200000 a 4500
001 UCD9310
003 CL-VaPUC
008 170616e19790000uk |||||||||||||||||eng|d
020 |a 090425402X 
082 0 4 |a 930.3  |b KEP  |2 21 
100 0 |a Keppie, Lawrence  |e author  |9 593016 
245 1 0 |a Roman distance slabs from the Antonine Wall: a brief guide 
250 |a 1a. ed 
300 |a 20 p 
942 |c BK 
945 |d 20170616 21:05:00  |a dcastane 
260 |a Glasgow  |b Hunterian Museum  |c 1979 
650 0 |a Historia de Roma   |9 315349 
650 0 |a Arqueología romana   |9 322709 
650 7 |a EXCAVACIONES ARQUEOLOGICAS  |2 CL-VaPUC  |9 310948 
583 |a last modification  |c 20170616 21:05:00  |k Rodrigo Vera 
999 |c 368540  |d 368538 
952 |0 0  |1 0  |3 erb  |4 0  |6 930_300000000000000_KEP_1979  |7 0  |8 A  |9 483894  |a FDOLAF  |b FDOLAF  |e Laffi, Umberto, 1939-  |i 5397383  |o 930.3 KEP 1979  |p 5397383  |r 2024-01-30  |w 2019-11-24  |y BK  |z Catalogado en:20170616  |k LAF